[Event "17. Europa ch Juvenil - Femenino s18"]
[Site "Sibenik CRO"]
[Date "2007.09.20"]
[Round "7.21"]
[White "Martin, Katie A"]
[Black "Somova, Nadezda"]
[Result "0-1"]
[WhiteElo "1928"]
[BlackElo "1963"]
[PlyCount "72"]
[EventDate "2007.09.14"]
[EventType "swiss"]
[EventRounds "9"]
[EventCountry "CRO"]
[Source "lmi"]
[SourceDate "2007.09.14"]

1. e4 c6 2. Nc3 d5 3. Nf3 dxe4 4. Nxe4 Bf5 5. Ng3 Bg6 6. h4 h6 7. Ne5 Qd6 8. d4
Nd7 9. Nxg6 Qxg6 10. Be3 Qd6 11. Qd2 O-O-O 12. Qa5 e6 13. O-O-O Qb8 14. Be2 Bd6
15. c4 Bc7 16. Qb4 Bf4 17. Ne4 Ngf6 18. Nc5 Nxc5 19. dxc5 Qe5 20. Qa3 Kb8 21.
Bxf4 Qxf4+ 22. Qe3 Qxe3+ 23. fxe3 Ne4 24. b4 Nc3 25. Rxd8+ Rxd8 26. Bf3 Nxa2+
27. Kb2 Nxb4 28. Kc3 Na6 29. Rb1 Kc7 30. Bh5 g6 31. Be2 Nxc5 32. Rf1 f5 33. Rf4
g5 34. hxg5 hxg5 35. Rf3 Ne4+ 36. Kb4 Rd2 0-1

[Event "17. Europa ch Juvenil - Femenino s18"]
[Site "Sibenik CRO"]
[Date "2007.09.20"]
[Round "7.22"]
[White "Nadvesnik, Maja"]
[Black "Vasile, Teodora"]
[Result "1/2-1/2"]
[WhiteElo "1791"]
[BlackElo "1922"]
[PlyCount "78"]
[EventDate "2007.09.14"]
[EventType "swiss"]
[EventRounds "9"]
[EventCountry "CRO"]
[Source "lmi"]
[SourceDate "2007.09.14"]

1. e4 e5 2. Nf3 d6 3. d4 Nf6 4. dxe5 Nxe4 5. Qd5 Nc5 6. Bg5 Be7 7. exd6 Qxd6 8.
Nc3 Qxd5 9. Nxd5 Bd6 10. O-O-O Be6 11. Bb5+ Nbd7 12. Nf4 Bxf4+ 13. Bxf4 O-O-O
14. Ng5 h6 15. Nxe6 Nxe6 16. Bg3 Nb6 17. Rxd8+ Rxd8 18. Rd1 c6 19. Bd3 a6 20.
Rd2 g6 21. Re2 Re8 22. Bf4 h5 23. Bd2 Kd7 24. Re3 Nc5 25. Rf3 f5 26. Bb4 Ne6
27. Ba5 Nd5 28. Bc4 b5 29. Bxd5 cxd5 30. Kd2 Rc8 31. Rc3 Rxc3 32. Bxc3 Kc6 33.
Be5 Kb6 34. Kd3 Kc6 35. Kc3 a5 36. Kd3 Nc5+ 37. Ke3 Ne6 38. Kd3 Nc5+ 39. Ke3
Ne6 1/2-1/2

[Event "17. Europa ch Juvenil - Femenino s18"]
[Site "Sibenik CRO"]
[Date "2007.09.20"]
[Round "7.23"]
[White "Juciute, Einora"]
[Black "Vartic, Irina"]
[Result "1-0"]
[WhiteElo "1758"]
[BlackElo "1921"]
[PlyCount "127"]
[EventDate "2007.09.14"]
[EventType "swiss"]
[EventRounds "9"]
[EventCountry "CRO"]
[Source "lmi"]
[SourceDate "2007.09.14"]

1. e4 e5 2. Nf3 Nc6 3. Bb5 a6 4. Ba4 Nf6 5. O-O Be7 6. Bxc6 bxc6 7. Nxe5 Nxe4
8. d4 Bb7 9. Qg4 Ng5 10. Bxg5 Bxg5 11. f4 Bf6 12. Re1 O-O 13. c3 d6 14. Nd3 Re8
15. Nd2 c5 16. dxc5 dxc5 17. Rxe8+ Qxe8 18. Re1 Qd8 19. Qe2 Qd6 20. Nc4 Qf8 21.
Nce5 Re8 22. Qf2 Bxe5 23. fxe5 c4 24. Nc5 Bc8 25. Qd4 Be6 26. Nxa6 Rd8 27. Qf2
Qe7 28. Nc5 Bd5 29. Qe3 h6 30. Rd1 c6 31. Na6 Re8 32. Re1 f6 33. e6 Qxe6 34.
Qxe6+ Rxe6 35. Rxe6 Bxe6 36. Nb4 Bd7 37. Kf2 Kf7 38. Ke3 Ke6 39. Na6 Kd6 40.
Kd4 Be6 41. Nc5 Bd5 42. g3 f5 43. a4 Kc7 44. a5 g6 45. Ke5 Bf3 46. Kf6 Bg4 47.
Kxg6 h5 48. Kg5 Kb8 49. Kh4 Bf3 50. Kg5 Bg4 51. Kf6 Kc7 52. Ke5 Bh3 53. Kd4 Bf1
54. Na4 Kd6 55. Nc5 Kc7 56. Ne6+ Kb7 57. Kc5 Ka6 58. Kb4 Bd3 59. Nf4 c5+ 60.
Kxc5 Kxa5 61. Kd4 Bf1 62. Nxh5 Ka4 63. Nf4 Kb3 64. h4 1-0

[Event "17. Europa ch Juvenil - Femenino s18"]
[Site "Sibenik CRO"]
[Date "2007.09.20"]
[Round "7.26"]
[White "Yelmarova, Natavan"]
[Black "Cucarella Montell, Angels"]
[Result "0-1"]
[WhiteElo "1850"]
[BlackElo "1921"]
[PlyCount "92"]
[EventDate "2007.09.14"]
[EventType "swiss"]
[EventRounds "9"]
[EventCountry "CRO"]
[Source "lmi"]
[SourceDate "2007.09.14"]

1. d4 f5 2. c4 Nf6 3. Nc3 e6 4. Nf3 d6 5. Qc2 Nc6 6. a3 Be7 7. e4 fxe4 8. Nxe4
Nxe4 9. Qxe4 Bf6 10. d5 Na5 11. Rb1 Nb3 12. Be3 a5 13. Bd3 Qe7 14. O-O g6 15.
Bc2 e5 16. Bh6 Nc5 17. Qe3 a4 18. Ng5 Bf5 19. Ne4 Nxe4 20. Bxe4 Bxe4 21. Qxe4
g5 22. Qg4 Qd7 23. Qf3 Qf7 24. h4 gxh4 25. b4 axb3 26. Rxb3 b6 27. Qh3 Rg8 28.
f4 e4 29. Re1 Bd4+ 30. Kh1 Qg6 31. Bg5 Kf8 32. Bxh4 e3 33. f5 Qg4 34. Qxg4 Rxg4
35. g3 Ra4 36. Kg2 Rxc4 37. Kf3 h5 38. Re2 Rc1 39. Bd8 Ke8 40. Bh4 Rc5 41. Rd3
Rc1 42. Bg5 Rf1+ 43. Kg2 Rf2+ 44. Rxf2 exf2 45. Bh4 Re4 46. Rf3 Re1 0-1

[Event "17. Europa ch Juvenil - Femenino s18"]
[Site "Sibenik CRO"]
[Date "2007.09.21"]
[Round "8.1"]
[White "Foisor, Sabina-Francesca"]
[Black "Daulyte, Deimante"]
[Result "0-1"]
[WhiteElo "2346"]
[BlackElo "2216"]
[PlyCount "82"]
[EventDate "2007.09.14"]
[EventType "swiss"]
[EventRounds "9"]
[EventCountry "CRO"]
[Source "lmi"]
[SourceDate "2007.09.14"]

1. d4 Nf6 2. c4 g6 3. Nc3 Bg7 4. e4 d6 5. f3 O-O 6. Be3 Nc6 7. Nge2 a6 8. Qd2
Rb8 9. Rc1 Bd7 10. Nd1 b5 11. c5 e6 12. g3 b4 13. Bg2 Ne7 14. O-O Bb5 15. Nf2
Nd7 16. f4 Nc6 17. cxd6 cxd6 18. Nd3 Rc8 19. b3 a5 20. Rfd1 e5 21. dxe5 dxe5
22. Nf2 Ndb8 23. Qe1 Qc7 24. fxe5 Qb7 25. e6 fxe6 26. Nf4 Bc3 27. Rxc3 bxc3 28.
Qxc3 e5 29. Ng4 Nd4 30. Qa1 Nbc6 31. Qb2 Qg7 32. Nd5 Be2 33. Nh6+ Kh8 34. Rd2
Nf3+ 35. Bxf3 Bxf3 36. Bg5 Nd4 37. Ne7 Rce8 38. Qa3 Bxe4 39. Rxd4 exd4 40. Qd6
d3 41. Qc5 Rxe7 0-1

[Event "17. Europa ch Juvenil - Femenino s18"]
[Site "Sibenik CRO"]
[Date "2007.09.21"]
[Round "8.2"]
[White "Ivakhinova, Inna"]
[Black "Kharmunova, Nadejda"]
[Result "1-0"]
[WhiteElo "2251"]
[BlackElo "2177"]
[PlyCount "53"]
[EventDate "2007.09.14"]
[EventType "swiss"]
[EventRounds "9"]
[EventCountry "CRO"]
[Source "lmi"]
[SourceDate "2007.09.14"]

1. d4 f5 2. g3 Nf6 3. Bg2 g6 4. Nf3 Bg7 5. O-O O-O 6. b3 d6 7. Bb2 Ne4 8. Nbd2
c5 9. e3 Nc6 10. c4 e6 11. Rb1 cxd4 12. Nxd4 Nxd2 13. Qxd2 Nxd4 14. Bxd4 Qe7
15. Bxg7 Kxg7 16. Rbd1 Rd8 17. Qa5 e5 18. Rd2 Be6 19. Rfd1 Rd7 20. c5 dxc5 21.
Rxd7 Bxd7 22. Qc7 Rd8 23. Bxb7 Kf8 24. Bc6 Ke8 25. Rxd7 Rxd7 26. Qc8+ Qd8 27.
Bxd7+ 1-0

[Event "17. Europa ch Juvenil - Femenino s18"]
[Site "Sibenik CRO"]
[Date "2007.09.21"]
[Round "8.3"]
[White "Leks, Hanna"]
[Black "Tarasova, Viktoriya"]
[Result "1/2-1/2"]
[WhiteElo "2232"]
[BlackElo "2249"]
[PlyCount "96"]
[EventDate "2007.09.14"]
[EventType "swiss"]
[EventRounds "9"]
[EventCountry "CRO"]
[Source "lmi"]
[SourceDate "2007.09.14"]

1. e4 d6 2. d4 g6 3. Nc3 Bg7 4. f4 Nf6 5. Nf3 O-O 6. Be2 c5 7. dxc5 Qa5 8. O-O
Qxc5+ 9. Kh1 Nc6 10. Bd3 Bg4 11. Qe1 Bxf3 12. Rxf3 Nb4 13. Be3 Nxd3 14. cxd3
Qb4 15. Qd2 Rfc8 16. a3 Qb3 17. Bd4 b5 18. Bxf6 Bxf6 19. d4 Bg7 20. Rd1 Kh8 21.
f5 a5 22. fxg6 fxg6 23. Rh3 e6 24. Rc1 Qc4 25. Qg5 Rf8 26. Rg1 Bxd4 27. Qe7 Bg7
28. Qh4 h6 29. Qg4 Rf1 30. Rf3 Rxg1+ 31. Kxg1 Kh7 32. Rf7 Rf8 33. Rxf8 Bxf8 34.
h4 Bg7 35. Qf3 b4 36. axb4 axb4 37. Ne2 Bxb2 38. Qf7+ Bg7 39. Nf4 Qxe4 40. Nxe6
Qe1+ 41. Kh2 Qxh4+ 42. Kg1 Qe1+ 43. Kh2 Qe5+ 44. Kg1 Kh8 45. Qe8+ Kh7 46. Qf7
Qa1+ 47. Kh2 Qe5+ 48. Kg1 Qe1+ 1/2-1/2

[Event "17. Europa ch Juvenil - Femenino s18"]
[Site "Sibenik CRO"]
[Date "2007.09.21"]
[Round "8.5"]
[White "Charochkina, Daria"]
[Black "Orlyanskaya, Darya"]
[Result "1-0"]
[WhiteElo "2390"]
[BlackElo "2092"]
[PlyCount "52"]
[EventDate "2007.09.14"]
[EventType "swiss"]
[EventRounds "9"]
[EventCountry "CRO"]
[Source "lmi"]
[SourceDate "2007.09.14"]

1. e4 c5 2. a3 Nc6 3. b4 cxb4 4. axb4 Nxb4 5. d4 g6 6. c3 Na6 7. h4 h5 8. Bc4
Bg7 9. Qf3 e6 10. e5 Nc7 11. Ba3 Bf8 12. Bd6 Nh6 13. Nd2 f5 14. Qg3 Rg8 15. Nh3
Nf7 16. Be2 Rg7 17. c4 Na6 18. O-O Nxd6 19. exd6 Qf6 20. Nb3 Nb4 21. Qf4 Nc6
22. c5 Rh7 23. Ng5 Bh6 24. Nxh7 Bxf4 25. Nxf6+ Kf7 26. Nh7 Nb8 1-0

[Event "17. Europa ch Juvenil - Femenino s18"]
[Site "Sibenik CRO"]
[Date "2007.09.21"]
[Round "8.6"]
[White "Gunina, Valentina"]
[Black "Kalashyan, Varduhi"]
[Result "1/2-1/2"]
[WhiteElo "2361"]
[BlackElo "2059"]
[PlyCount "210"]
[EventDate "2007.09.14"]
[EventType "swiss"]
[EventRounds "9"]
[EventCountry "CRO"]
[Source "lmi"]
[SourceDate "2007.09.14"]

1. d4 Nf6 2. c4 e6 3. Nf3 b6 4. g3 Ba6 5. b3 Bb4+ 6. Bd2 Be7 7. Bg2 c6 8. Bc3
d5 9. Ne5 Nbd7 10. Nxd7 Nxd7 11. Nd2 O-O 12. O-O Rc8 13. e4 b5 14. Re1 bxc4 15.
bxc4 dxc4 16. Qa4 Bb5 17. Qc2 c5 18. d5 exd5 19. exd5 Bf6 20. a4 Ba6 21. Bh3
Bxc3 22. Qxc3 Nf6 23. Bxc8 Qxc8 24. d6 Qh3 25. f3 Nd5 26. Qe5 Nb4 27. Qe7 Bc8
28. Re5 Nc6 29. Nxc4 Nxe7 30. dxe7 Re8 31. Rd1 Bd7 32. Re3 g6 33. g4 Rxe7 34.
Rxe7 Qxf3 35. Rdxd7 Qxg4+ 36. Kf2 Qxc4 37. Rxa7 Qd4+ 38. Ke2 Qb2+ 39. Kf3 Qb3+
40. Kf4 Qc4+ 41. Kf3 Qd5+ 42. Ke3 Kg7 43. Rxf7+ Kh6 44. Rxh7+ Kg5 45. Rhd7 Qb3+
46. Ke4 c4 47. Kd4 Qd3+ 48. Kc5 Qc2 49. Ra5 Kh6 50. Rd4 c3 51. Rh4+ Kg7 52.
Ra7+ Kf6 53. Ra6+ Kg5 54. Rc4 Qf2+ 55. Kb4 Qb2+ 56. Ka5 Qxh2 57. Rac6 Qd2 58.
Rxc3 Kh5 59. Kb6 Qd8+ 60. Kb5 Qb8+ 61. Rb6 Qe8+ 62. Kb4 g5 63. a5 Qe7+ 64. Rc5
Qe4+ 65. Kb5 Qe2+ 66. Kc6 Qe4+ 67. Rd5 Qe6+ 68. Rd6 Qe4+ 69. Kc7 Qe7+ 70. Kb8
Qe8+ 71. Ka7 Qe7+ 72. Ka6 g4 73. Re6 Qd7 74. Rbd6 Qc8+ 75. Kb5 g3 76. a6 g2 77.
Rh6+ Kg4 78. Rhg6+ Kh3 79. Rh6+ Kg3 80. Rhg6+ Kh3 81. Kb6 Qb8+ 82. Kc5 Qa7+ 83.
Kb4 Qb8+ 84. Kc4 Qc8+ 85. Kd4 Qb8 86. Rh6+ Kg3 87. Rdg6+ Kf2 88. Rf6+ Ke2 89.
Re6+ Kd2 90. Rhg6 Qa7+ 91. Kd5 g1=Q 92. Rxg1 Qxg1 93. Kc6 Kc3 94. Re7 Kc4 95.
Re4+ Kb3 96. Re7 Kc4 97. Re4+ Kb3 98. Re7 Qg2+ 99. Kb6 Kb4 100. a7 Qf2+ 101.
Kb7 Qf3+ 102. Kc7 Qf4+ 103. Kb7 Qf3+ 104. Kc7 Qf4+ 105. Kb7 Qf3+ 1/2-1/2

[Event "17. Europa ch Juvenil - Femenino s18"]
[Site "Sibenik CRO"]
[Date "2007.09.21"]
[Round "8.7"]
[White "Gosciniak, Maria"]
[Black "Ayrapetyan, Tatevik"]
[Result "1-0"]
[WhiteElo "2076"]
[BlackElo "2218"]
[PlyCount "87"]
[EventDate "2007.09.14"]
[EventType "swiss"]
[EventRounds "9"]
[EventCountry "CRO"]
[Source "lmi"]
[SourceDate "2007.09.14"]

1. e4 c5 2. Nf3 d6 3. d4 cxd4 4. Nxd4 Nf6 5. Nc3 a6 6. Be3 e6 7. g4 h6 8. Bg2
Qc7 9. h3 Nc6 10. Qe2 Bd7 11. f4 O-O-O 12. Qf2 Re8 13. Nb3 Kb8 14. Bb6 Qc8 15.
O-O-O Ka8 16. Rhe1 e5 17. f5 Nb8 18. Bf3 Bc6 19. h4 g6 20. Ba5 Rg8 21. Nd2 Be7
22. Nc4 Nbd7 23. Nxd6 Bxd6 24. Rxd6 gxf5 25. gxf5 Rg7 26. Rdd1 Reg8 27. Rg1 h5
28. Bb4 Qd8 29. Bd6 Qe8 30. Rxg7 Rxg7 31. b4 Ng4 32. Qe2 Qd8 33. a4 Qc8 34. b5
Bxb5 35. Nxb5 axb5 36. Qxb5 b6 37. Bxg4 hxg4 38. Bxe5 f6 39. Bg3 Nc5 40. Qxb6
Rb7 41. Rd8 Nb3+ 42. Kb2 Rxb6 43. Rxc8+ Kb7 44. Rb8+ 1-0

[Event "17. Europa ch Juvenil - Femenino s18"]
[Site "Sibenik CRO"]
[Date "2007.09.21"]
[Round "8.8"]
[White "Robles Garcia, Claudia"]
[Black "Ikonomopoulou, Maria"]
[Result "1-0"]
[WhiteElo "2167"]
[BlackElo "2029"]
[PlyCount "81"]
[EventDate "2007.09.14"]
[EventType "swiss"]
[EventRounds "9"]
[EventCountry "CRO"]
[Source "lmi"]
[SourceDate "2007.09.14"]

1. e4 e6 2. d4 d5 3. Nc3 Bb4 4. e5 c5 5. a3 Bxc3+ 6. bxc3 Ne7 7. Qg4 O-O 8. Bd3
f5 9. exf6 Rxf6 10. Bg5 Rf7 11. Qh5 g6 12. Qd1 Nbc6 13. Nf3 Qa5 14. Bd2 e5 15.
Nxe5 Nxe5 16. dxe5 c4 17. Be2 Nc6 18. f4 Qc5 19. Bf3 g5 20. g3 Bf5 21. Qe2 Rd8
22. Be3 Qa5 23. Qd2 Be4 24. O-O Bxf3 25. Rxf3 Nxe5 26. Rff1 Ng4 27. Bd4 Rdf8
28. Qe2 Nf6 29. Qe5 Qc7 30. Qxg5+ Rg7 31. Qh4 Rg4 32. Qh3 Qg7 33. Rae1 h5 34.
Re6 Rg6 35. Rfe1 Qh6 36. f5 Rg4 37. Bxf6 Rxf6 38. Rxf6 Qxf6 39. Re8+ Kg7 40.
Qxh5 Qb6+ 41. Kg2 1-0

[Event "17. Europa ch Juvenil - Femenino s18"]
[Site "Sibenik CRO"]
[Date "2007.09.21"]
[Round "8.9"]
[White "Zhorzholiani, Meri"]
[Black "Novosadova, Kristyna"]
[Result "1-0"]
[WhiteElo "2110"]
[BlackElo "2014"]
[PlyCount "72"]
[EventDate "2007.09.14"]
[EventType "swiss"]
[EventRounds "9"]
[EventCountry "CRO"]
[Source "lmi"]
[SourceDate "2007.09.14"]

1. d4 d5 2. c4 e5 3. dxe5 d4 4. Nf3 Nc6 5. Nbd2 Bg4 6. h3 Bxf3 7. Nxf3 Qd7 8.
a3 Nge7 9. e3 O-O-O 10. exd4 Nxd4 11. Qxd4 Qxd4 12. Nxd4 Rxd4 13. Be3 Re4 14.
Bd3 Rxe5 15. O-O-O Nc6 16. Bf4 Ra5 17. Rhe1 Be7 18. Be4 Bf6 19. Bd5 Nd8 20. Rd3
c6 21. b4 Ra4 22. Bf3 h5 23. Be5 Re8 24. Bd1 Ra6 25. Bxf6 Rxe1 26. Bxd8 c5 27.
Kd2 Re5 28. b5 Rae6 29. Bf3 f6 30. Ba5 Re8 31. Bc3 Rf5 32. Re3 Rd8+ 33. Ke2 Rf4
34. Bd5 Kb8 35. g3 Rf5 36. h4 g5 1-0

[Event "17. Europa ch Juvenil - Femenino s18"]
[Site "Sibenik CRO"]
[Date "2007.09.21"]
[Round "8.10"]
[White "Rakic, Marija"]
[Black "Ohme, Melanie"]
[Result "1-0"]
[WhiteElo "2247"]
[BlackElo "2278"]
[PlyCount "121"]
[EventDate "2007.09.14"]
[EventType "swiss"]
[EventRounds "9"]
[EventCountry "CRO"]
[Source "lmi"]
[SourceDate "2007.09.14"]

1. d4 Nf6 2. c4 g6 3. Nc3 Bg7 4. e4 d6 5. h3 O-O 6. Be3 e5 7. d5 a5 8. Bd3 Na6
9. Nge2 c6 10. g4 h5 11. g5 Ne8 12. Qd2 Bd7 13. O-O-O Nec7 14. Bb6 Qc8 15. h4
cxd5 16. cxd5 Nb4 17. Kb1 Nxd3 18. Qxd3 Ra6 19. Bxc7 Qxc7 20. Rc1 Qb6 21. f3 a4
22. Ng3 Qa5 23. Nf1 b5 24. Nd2 Ra7 25. Qe3 Qa6 26. Qd3 Qb6 27. Nd1 b4 28. Nc4
Qa6 29. Qd2 Rb7 30. Nce3 Bb5 31. Ka1 Bd7 32. Nf2 Rfb8 33. Rc4 Bf8 34. Nd3 Qa7
35. Rhc1 a3 36. b3 Bb5 37. Nxb4 Bxc4 38. Nc6 Qa8 39. Rxc4 Re8 40. Nc2 Qa6 41.
Qc1 Qb6 42. Rb4 Qa6 43. Rxb7 Qxb7 44. Qxa3 Ra8 45. Qb4 Qa6 46. a4 f6 47. gxf6
Qf1+ 48. Ka2 Qd1 49. f7+ Kh8 50. Qc3 g5 51. hxg5 h4 52. f4 Qg4 53. fxe5 Bg7 54.
Qe3 Qg2 55. Kb1 h3 56. Qf4 Kh7 57. Qf5+ Kh8 58. Ne7 Qg1+ 59. Ka2 Bf8 60. Ng6+
Kg7 61. Qf6+ 1-0

[Event "17. Europa ch Juvenil - Femenino s18"]
[Site "Sibenik CRO"]
[Date "2007.09.21"]
[Round "8.11"]
[White "Baptista, Ana Filipa"]
[Black "Mareckova, Martina"]
[Result "1/2-1/2"]
[WhiteElo "2055"]
[BlackElo "2003"]
[PlyCount "82"]
[EventDate "2007.09.14"]
[EventType "swiss"]
[EventRounds "9"]
[EventCountry "CRO"]
[Source "lmi"]
[SourceDate "2007.09.14"]

1. e4 e5 2. Nf3 Nc6 3. Bb5 d6 4. d4 Bd7 5. Nc3 Nf6 6. O-O Be7 7. Re1 exd4 8.
Nxd4 O-O 9. Bf4 Re8 10. Bxc6 bxc6 11. e5 dxe5 12. Bxe5 Bd6 13. Bg3 Qb8 14.
Rxe8+ Qxe8 15. Qf3 Rb8 16. Nb3 Qe6 17. Rd1 h6 18. h3 Qf5 19. Qxf5 Bxf5 20. Rd2
Kf8 21. Kf1 Ke7 22. Nd4 Bd7 23. b3 Re8 24. Nde2 Nh5 25. Bxd6+ cxd6 26. Ne4 d5
27. Nc5 Bc8 28. Nd4 Kd6 29. b4 Nf6 30. Re2 g6 31. Rxe8 Nxe8 32. Ke2 Ng7 33. Ke3
Ne6 34. c3 Nc7 35. h4 Na6 36. Ndb3 Nc7 37. a4 Na6 38. Nxa6 Bxa6 39. a5 Bc4 40.
Nc5 a6 41. Kd4 f6 1/2-1/2

[Event "17. Europa ch Juvenil - Femenino s18"]
[Site "Sibenik CRO"]
[Date "2007.09.21"]
[Round "8.12"]
[White "Severiukhina, Zoya"]
[Black "Hairapetian, Anna"]
[Result "0-1"]
[WhiteElo "2267"]
[BlackElo "2028"]
[PlyCount "112"]
[EventDate "2007.09.14"]
[EventType "swiss"]
[EventRounds "9"]
[EventCountry "CRO"]
[Source "lmi"]
[SourceDate "2007.09.14"]

1. e4 c5 2. Nf3 Nc6 3. d4 cxd4 4. Nxd4 Nf6 5. Nc3 e5 6. Ndb5 d6 7. Bg5 a6 8.
Na3 b5 9. Nd5 Be7 10. Bxf6 Bxf6 11. c4 O-O 12. cxb5 axb5 13. Nxb5 Bg5 14. Bd3
Qa5+ 15. Ndc3 Be6 16. O-O Rfb8 17. a3 g6 18. b4 Qb6 19. Qe2 Kg7 20. Rfd1 Nd4
21. Nxd4 exd4 22. Nb5 Bb3 23. Qg4 Bxd1 24. Rxd1 Bf6 25. Rc1 Rb7 26. h4 h5 27.
Qg3 Be5 28. f4 Bf6 29. e5 dxe5 30. fxe5 Be7 31. Qf3 Rf8 32. Rc6 Qd8 33. Qe4 Rb6
34. Nxd4 Rxc6 35. Nxc6 Qb6+ 36. Kh1 Re8 37. a4 Bxh4 38. b5 Qf2 39. Qe2 Qc5 40.
Qc2 Qe3 41. Qe2 Qg5 42. Qf1 Bg3 43. Qf6+ Qxf6 44. exf6+ Kxf6 45. Kg1 Re1+ 46.
Bf1 Ke6 47. b6 Kd6 48. Nd8 Ke7 49. Nb7 Kd7 50. a5 Ra1 51. Nc5+ Kc6 52. Nb3 Rd1
53. b7 Kxb7 54. Nc5+ Ka7 55. Ne4 h4 56. Ng5 Bf4 0-1

[Event "17. Europa ch Juvenil - Femenino s18"]
[Site "Sibenik CRO"]
[Date "2007.09.21"]
[Round "8.13"]
[White "Sobierska, Wioletta"]
[Black "Van Nies, Pauline"]
[Result "1/2-1/2"]
[WhiteElo "2012"]
[BlackElo "2162"]
[PlyCount "82"]
[EventDate "2007.09.14"]
[EventType "swiss"]
[EventRounds "9"]
[EventCountry "CRO"]
[Source "lmi"]
[SourceDate "2007.09.14"]

1. e4 c5 2. Nc3 Nc6 3. g3 g6 4. Bg2 Bg7 5. d3 d6 6. Be3 e5 7. Qd2 Nge7 8. f4
O-O 9. Nh3 exf4 10. Bxf4 Nd4 11. O-O Rb8 12. Nd1 Bg4 13. Kh1 Qd7 14. Ng1 b5 15.
c3 Ndc6 16. Bh6 d5 17. Bxg7 Kxg7 18. Nf2 Be6 19. Rad1 d4 20. Qg5 Qd6 21. Ng4
Bxg4 22. Qxg4 Ne5 23. Qf4 f6 24. Nf3 N7c6 25. Bh3 a5 26. cxd4 Nxd4 27. Nxe5
fxe5 28. Qg4 Rxf1+ 29. Rxf1 Rf8 30. Rxf8 Qxf8 31. Qd7+ Qf7 32. Kg2 Qxd7 33.
Bxd7 a4 34. Kf2 Kf6 35. Ke3 Ke7 36. Bc8 Nc2+ 37. Kd2 Nb4 38. a3 Nc6 39. Ba6 Nd4
40. Bb7 Kf6 41. Bc8 g5 1/2-1/2

[Event "17. Europa ch Juvenil - Femenino s18"]
[Site "Sibenik CRO"]
[Date "2007.09.21"]
[Round "8.15"]
[White "Steil-Antoni, Fiona"]
[Black "Le Bail, Clara"]
[Result "1-0"]
[WhiteElo "2065"]
[BlackElo "1981"]
[PlyCount "195"]
[EventDate "2007.09.14"]
[EventType "swiss"]
[EventRounds "9"]
[EventCountry "CRO"]
[Source "lmi"]
[SourceDate "2007.09.14"]

1. e4 e6 2. d4 d5 3. Nc3 Bb4 4. exd5 exd5 5. Bd3 Nc6 6. a3 Bxc3+ 7. bxc3 Nge7
8. Qf3 Be6 9. Ne2 Qd7 10. O-O O-O-O 11. Re1 h5 12. h3 f6 13. Ng3 h4 14. Nf1 Bf7
15. a4 Bh5 16. Qf4 Ng6 17. Qf5 Nge7 18. Qxd7+ Rxd7 19. Ba3 Kb8 20. Re3 Nc8 21.
Bb5 Nd6 22. Bxd6 Rxd6 23. Rae1 Kc8 24. Nd2 a6 25. Bd3 Kd8 26. Nb3 Bf7 27. Nc5
Kc8 28. Rb1 Nd8 29. Re7 Re8 30. Rbe1 Rxe7 31. Rxe7 a5 32. g3 hxg3 33. fxg3 g6
34. g4 b6 35. Ba6+ Kb8 36. Nd7+ Ka7 37. Bd3 Re6 38. Rxe6 Nxe6 39. Nxf6 Nf4 40.
Bf1 c6 41. Kf2 b5 42. axb5 a4 43. Nd7 Ne6 44. Ne5 Be8 45. Nd3 cxb5 46. Nb4 a3
47. Ke3 g5 48. Kd2 Nf4 49. Kc1 Kb6 50. Kb1 Ka5 51. Ka2 Ka4 52. Na6 Bg6 53. Nc5+
Ka5 54. Kxa3 Bxc2 55. Nb7+ Kb6 56. Nd6 Bg6 57. Kb4 Bd3 58. Bxd3 Nxd3+ 59. Kb3
Nf2 60. Nf5 Nxh3 61. Ne7 Nf4 62. Kb4 Nd3+ 63. Ka3 Nf4 64. Kb3 Ka5 65. Nc6+ Kb6
66. Nd8 Ka5 67. Nf7 Nh3 68. Ka3 Nf2 69. Nxg5 Nxg4 70. Ne6 Ne3 71. Kb3 Nc4 72.
Nc7 Ne3 73. Ne6 Nc4 74. Nd8 Ne3 75. Nc6+ Kb6 76. Nb4 Ka5 77. Kb2 Ka4 78. Ka2
Ka5 79. Kb3 Kb6 80. Kb2 Ka5 81. Kc1 Ka4 82. Kd2 Nc4+ 83. Kd3 Nb6 84. Kc2 Ka3
85. Na6 Ka4 86. Kb2 Ka5 87. Nb4 Ka4 88. Ka2 Nc4 89. Nxd5 Nd6 90. Kb2 Nc4+ 91.
Kc2 Nd6 92. Nb4 Ka3 93. d5 Ka4 94. Kd3 Kb3 95. Kd4 Nb7 96. Na6 Ka4 97. Nc5+
Nxc5 98. Kxc5 1-0

[Event "17. Europa ch Juvenil - Femenino s18"]
[Site "Sibenik CRO"]
[Date "2007.09.21"]
[Round "8.16"]
[White "Kruljac, Petra"]
[Black "Kaniak, Justyna"]
[Result "1/2-1/2"]
[WhiteElo "2054"]
[BlackElo "1942"]
[PlyCount "41"]
[EventDate "2007.09.14"]
[EventType "swiss"]
[EventRounds "9"]
[EventCountry "CRO"]
[Source "lmi"]
[SourceDate "2007.09.14"]

1. d4 Nf6 2. c4 c5 3. d5 e6 4. Nc3 exd5 5. cxd5 d6 6. Nf3 g6 7. Nd2 Bg7 8. e4
O-O 9. Be2 Re8 10. O-O Na6 11. Kh1 Nc7 12. a4 Rb8 13. f3 a6 14. a5 Bd7 15. Nc4
Bb5 16. Na4 Bxc4 17. Bxc4 Nd7 18. Bf4 Ne5 19. Be2 Nb5 20. Nb6 Nd4 21. Bc4
1/2-1/2

[Event "17. Europa ch Juvenil - Femenino s18"]
[Site "Sibenik CRO"]
[Date "2007.09.21"]
[Round "8.17"]
[White "Yildiz, Betul Cemre"]
[Black "Somova, Nadezda"]
[Result "1/2-1/2"]
[WhiteElo "2217"]
[BlackElo "1963"]
[PlyCount "84"]
[EventDate "2007.09.14"]
[EventType "swiss"]
[EventRounds "9"]
[EventCountry "CRO"]
[Source "lmi"]
[SourceDate "2007.09.14"]

1. e4 c6 2. d4 d5 3. Nc3 dxe4 4. Nxe4 Bf5 5. Ng3 Bg6 6. h4 h6 7. Nf3 Nd7 8. h5
Bh7 9. Bd3 Bxd3 10. Qxd3 Qc7 11. Bd2 Ngf6 12. O-O-O e6 13. Ne4 Nxe4 14. Qxe4
O-O-O 15. g3 Bd6 16. c4 c5 17. Kb1 Kb8 18. Bc3 cxd4 19. Bxd4 e5 20. Bc3 Rhe8
21. b3 Nc5 22. Qc2 e4 23. Nd4 Be5 24. Nb5 Qe7 25. Bb4 a6 26. Nc3 Bxc3 27. Qxc3
Qg5 28. Rd4 Nd3 29. Bd6+ Ka8 30. c5 Qf6 31. f4 Nf2 32. Re1 Ng4 33. b4 e3 34.
Qb2 Qf5+ 35. Ka1 Nf2 36. b5 Qc8 37. Qa3 Re4 38. bxa6 bxa6 39. Rxe4 Nxe4 40. Qb4
Nxd6 41. cxd6 Rxd6 42. Qe4+ Qc6 1/2-1/2

[Event "17. Europa ch Juvenil - Femenino s18"]
[Site "Sibenik CRO"]
[Date "2007.09.21"]
[Round "8.18"]
[White "Mader, Manuela"]
[Black "Juciute, Einora"]
[Result "1-0"]
[WhiteElo "2204"]
[BlackElo "1758"]
[PlyCount "41"]
[EventDate "2007.09.14"]
[EventType "swiss"]
[EventRounds "9"]
[EventCountry "CRO"]
[Source "lmi"]
[SourceDate "2007.09.14"]

1. e4 e5 2. Nf3 Nc6 3. Bb5 a6 4. Bxc6 dxc6 5. O-O Qd6 6. d4 exd4 7. Nxd4 Bd7 8.
Be3 O-O-O 9. Qe2 Qg6 10. Nc3 Bb4 11. f3 h5 12. Nb3 h4 13. Nc5 Bxc5 14. Bxc5 Re8
15. Rad1 h3 16. g3 f5 17. Qd2 Nf6 18. Be3 Be6 19. Qd4 Nd7 20. Qa7 Nb8 21. Na4
1-0

[Event "17. Europa ch Juvenil - Femenino s18"]
[Site "Sibenik CRO"]
[Date "2007.09.21"]
[Round "8.19"]
[White "Kaniak, Monika"]
[Black "Ivekovic, Ivana"]
[Result "1-0"]
[WhiteElo "1950"]
[BlackElo "1918"]
[PlyCount "57"]
[EventDate "2007.09.14"]
[EventType "swiss"]
[EventRounds "9"]
[EventCountry "CRO"]
[Source "lmi"]
[SourceDate "2007.09.14"]

1. d4 Nf6 2. c4 g6 3. Nc3 Bg7 4. e4 d6 5. f3 O-O 6. Bd3 Nbd7 7. Nge2 e5 8. d5
Nc5 9. Bc2 a5 10. Be3 Ne8 11. O-O f5 12. exf5 gxf5 13. Qd2 Qf6 14. Kh1 Kh8 15.
Rae1 Nd7 16. Rg1 f4 17. Bf2 Bh6 18. Qd3 Qf7 19. Ne4 Nef6 20. N2c3 Nxe4 21. Nxe4
Nf6 22. Nxf6 Qe7 23. Ne4 Bf5 24. Qe2 Rf7 25. c5 Rg8 26. cxd6 cxd6 27. g3 fxg3
28. Bxg3 Bh3 29. Nxd6 1-0